| 000 | 00471nam a2200133Ia 4500 | ||
|---|---|---|---|
| 008 | 160809s9999 xx 000 0 und d | ||
| 100 | _aChen, Qiu. | ||
| 245 | 2 | _aA Fast Search Algorithm for Large Video Database Using HOG Based Features | |
| 245 | _cQiu Chen, Koji Kotani, Feifei Lee and Tadahiro Ohmi. | ||
| 260 | _bComputer Science and Information Technology | ||
| 260 | _cFebruary 2016 | ||
| 650 | _xINFORMATION TECHNOLOGY | ||
| 856 | _uhttp://airccse.org/V6N50.html | ||
| 999 |
_c300067 _d300067 |
||